| 000 | 00000nam##2200000za#4500 |
| 001 | 9.608251 |
| 003 | CaOODSP |
| 005 | 20250403105224 |
| 007 | cr ||||||||||| |
| 008 | 150406|2015||||xxc|||||o f|0| 0 fre|d |
| 020 | |a978-0-660-23163-1 |
| 022 | |a1708-8887 |
| 040 | |aCaOODSP|bfre |
| 043 | |an-cn--- |
| 086 | 1 |aCS62-0026/2015-1F-PDF |
| 245 | 00|aGuide de l'utilisateur, Enquête sur les dépenses des ménages, 2013 |h[ressource électronique] |
| 260 | |aOttawa - Ontario : |bStatistique Canada |cJanvier 2015. |
| 300 | |a45p.|bgraphique, tableaux |
| 490 | 1 |aSérie de documents de recherche sur les dépenses des ménages |x1708-8887|vN° 1 |
| 590 | |a15-04|b2015-01-23 |
| 710 | 2 |aStatistique Canada. |
| 775 | 08|tUser guide for the Survey of Household Spending, 2013 |w(CaOODSP)9.581420 |
| 830 | #0|aSérie de documents de recherche sur les dépenses des ménages,|x1708-8887|vN° 1|w(CaOODSP)9.501151 |
| 856 | 40|ahttp://publications.gc.ca|qPDF|s412 Ko|uhttps://publications.gc.ca/collections/collection_2015/statcan/62f0026m2015001-fra.pdf|yN° 1 |